000 00513 a2200241 4500
260 _aParis
440 _n4
260 _bUNESCO
245 _aLe concept du pouvoir
300 _a191p.
260 _c1986
300 _bcouv. ill.
130 _lFr
710 _aUNESCO
440 _aIntroduction à la communication
651 _aAfrique
690 _asocité traditionnelle
690 _atradition linguistique
690 _aculture
020 _a92-3-201887-X
999 _c25023
_d25023